00451nam a2200121Ia 4500008004100000245014600041260003600187260000900223300000600232650002600238650001200264856005300276170516s9999 xx 000 0 und d 2aA Medley of Midbrain Maladies: A Brief Review of Midbrain Anatomy and Syndromology for Radiologists, Kathleen Ruchalski and Gasser M. Hathout bRadiology Research and Practice c2012 a: xRadiologic Technology xRadtech uhttps://www.hindawi.com/journals/rrp/contents/4/